[Event "GER-ch U12"]
[Site "Willingen"]
[Date "2001.06.08"]
[Round "10"]
[White "Schroeter, Sabrina"]
[Black "Cammann, Tim"]
[Result "1-0"]
[WhiteElo "1195"]
[BlackElo "1073"]
[PlyCount "111"]
[EventDate "2001.06.03"]
[EventType "swiss"]
[EventRounds "11"]
[EventCountry "GER"]
[SourceTitle "EXT 2003"]
[Source "ChessBase"]
[SourceDate "2002.11.25"]
[SourceVersion "1"]
[SourceVersionDate "2002.11.25"]
[SourceQuality "1"]

1. e4 e6 2. d4 d5 3. Nc3 Nf6 4. Bg5 Be7 5. Bxf6 Bxf6 6. exd5 exd5 7. Qf3 Be6 8. 0-0-0 0-0 9. Bd3 Nd7 10. Nxd5 c6 11. Qe4 g6 12. Nc3 Re8 13. Qf3 Bg5+ 14. Kb1 Nb6 15. Nge2 Nd5 16. Nxd5 Bxd5 17. Qg3 a5 18. Nc3 Be6 19. Ne4 Be7 20. Nc5 Bxc5 21. dxc5 Qe7 22. Qe3 Qc7 23. Qg3 Qxg3 24. hxg3 Red8 25. Be2 Rxd1+ 26. Rxd1 Kg7 27. c3 Bf5+ 28. Bd3 Rd8 29. Kc2 Rxd3 30. Rxd3 Kf6 31. Kd2 Bxd3 32. Kxd3 Ke5 33. Kc4 f5 34. Kd3 h6 35. f3 g5 36. b3 f4 37. g4 Kd5 38. b4 Ke5 39. Kc4 axb4 40. cxb4 Ke6 41. Kd4 Kf6 42. a3 Ke6 43. a4 Kf6 44. b5 cxb5 45. axb5 Ke6 46. Kc4 Kd7 47. Kd5 Kc7 48. Kc4 Kb8 49. Kb4 Kc7 50. Ka5 b6+ 51. cxb6+ Kb7 52. Kb4 Kxb6 53. Kc4 Ka7 54. Kc5 Kb7 55. b6 Kc8 56. Kc6 1-0

[Event "GER-ch U12"]
[Site "Willingen"]
[Date "2001.06.05"]
[Round "5"]
[White "Szczap, Arthur"]
[Black "Schroeter, Sabrina"]
[Result "0-1"]
[WhiteElo "1279"]
[BlackElo "1195"]
[PlyCount "110"]
[EventDate "2001.06.03"]
[EventType "swiss"]
[EventRounds "11"]
[EventCountry "GER"]
[SourceTitle "EXT 2003"]
[Source "ChessBase"]
[SourceDate "2002.11.25"]
[SourceVersion "1"]
[SourceVersionDate "2002.11.25"]
[SourceQuality "1"]

1. e4 e5 2. Nf3 Nf6 3. Nxe5 d6 4. Nf3 Nxe4 5. d3 Nf6 6. Be2 Be7 7. 0-0 0-0 8. Nc3 Re8 9. Re1 d5 10. d4 Bb4 11. Bd2 c5 12. dxc5 Bxc5 13. Bd3 Rxe1+ 14. Qxe1 Ng4 15. Be3 Qc7 16. Bxc5 Qxc5 17. Qe8+ Qf8 18. Qxf8+ Kxf8 19. Nxd5 Nc6 20. Re1 Bd7 21. h3 Nh6 22. Ne5 Nxe5 23. Rxe5 f6 24. Re1 Bc6 25. Nc3 Kg8 26. Ne4 Re8 27. Kf1 f5 28. Nd6 Bxg2+ 29. Kxg2 Rxe1 30. Nxb7 Ra1 31. Nd6 Kh8 32. Nxf5 Nxf5 33. Bxf5 Rxa2 34. b3 Ra5 35. Bd3 Rg5+ 36. Kf3 Rh5 37. Kg4 Rh6 38. b4 Rb6 39. b5 Rf6 40. f4 Rd6 41. Kf5 Kg8 42. Ke5 Rh6 43. Bf1 Kf7 44. c4 Re6+ 45. Kd5 a6 46. c5 axb5 47. Bxb5 Ke7 48. c6 Re1 49. Kc5 Kd8 50. Kb6 Rb1 51. Ka6 Kc7 52. Bd3 Rc1 53. Bxh7 Rxc6+ 54. Kb5 Rh6 55. Bf5 Rh5 0-1

[Event "GER-ch U12"]
[Site "Willingen"]
[Date "2001.06.04"]
[Round "4"]
[White "Schroeter, Sabrina"]
[Black "Ferstl, Ruth"]
[Result "1-0"]
[WhiteElo "1195"]
[BlackElo "932"]
[PlyCount "131"]
[EventDate "2001.06.03"]
[EventType "swiss"]
[EventRounds "11"]
[EventCountry "GER"]
[SourceTitle "EXT 2003"]
[Source "ChessBase"]
[SourceDate "2002.11.25"]
[SourceVersion "1"]
[SourceVersionDate "2002.11.25"]
[SourceQuality "1"]

1. e4 e5 2. Nf3 Nc6 3. Nc3 Nf6 4. Bb5 Bb4 5. 0-0 0-0 6. d3 d6 7. Bd2 Bd7 8. a3 Bxc3 9. Bxc3 a6 10. Bxc6 Bxc6 11. Ne1 Re8 12. f4 Qd7 13. f5 d5 14. Nf3 dxe4 15. Nxe5 Qd5 16. Ng4 exd3 17. Nxf6+ gxf6 18. Qg4+ Kf8 19. Bb4+ Re7 20. Rfe1 Rae8 21. cxd3 a5 22. Bxe7+ Rxe7 23. Rxe7 Kxe7 24. Qe2+ Kd6 25. Re1 Kc5 26. Qe4 b5 27. b4+ axb4 28. axb4+ Kb6 29. Qe3+ Kb7 30. Qe4 Qa2 31. Qe2 Qd5 32. Rf1 Kb6 33. Qe3+ Kb7 34. Rf2 Ka6 35. Qc5 Kb7 36. Qxd5 Bxd5 37. d4 Kc8 38. Rc2 c6 39. g4 Kd7 40. Rc1 Kd6 41. Re1 Kd7 42. Kf2 h6 43. Kg3 Kd6 44. Re8 Bc4 45. Kf4 Bd3 46. Rd8+ Kc7 47. Rf8 Kd6 48. Rxf7 Kd5 49. Rxf6 Be2 50. Rxh6 Kxd4 51. Rxc6 Kd5 52. Rc5+ Kd6 53. h4 Ke7 54. Re5+ Kf8 55. Rxe2 Kg8 56. f6 Kf7 57. g5 Kf8 58. h5 Kf7 59. Re7+ Kf8 60. h6 Kg8 61. Rg7+ Kh8 62. Ra7 Kg8 63. f7+ Kf8 64. h7 Kg7 65. f8Q+ Kg6 66. Qf7# 1-0

[Event "GER-ch U12"]
[Site "Willingen"]
[Date "2001.06.03"]
[Round "1"]
[White "Rogalski, Yuri"]
[Black "Schroeter, Sabrina"]
[Result "1-0"]
[WhiteElo "1509"]
[BlackElo "1195"]
[PlyCount "67"]
[EventDate "2001.06.03"]
[EventType "swiss"]
[EventRounds "11"]
[EventCountry "GER"]
[SourceTitle "EXT 2003"]
[Source "ChessBase"]
[SourceDate "2002.11.25"]
[SourceVersion "1"]
[SourceVersionDate "2002.11.25"]
[SourceQuality "1"]

1. e4 e5 2. Nf3 d6 3. d4 Nf6 4. Nc3 exd4 5. Nxd4 Be7 6. Be2 0-0 7. 0-0 Bd7 8. f4 Ne8 9. Kh1 Nc6 10. Be3 Nxd4 11. Bxd4 Bc6 12. Bf3 Nf6 13. e5 dxe5 14. fxe5 Nd5 15. Nxd5 Bxd5 16. Bxd5 Qxd5 17. Qg4 Qe6 18. Qe4 f6 19. Qxb7 fxe5 20. Rxf8+ Rxf8 21. Re1 Qf5 22. Bxa7 Qxc2 23. Qd5+ Kh8 24. Qxe5 Bd6 25. Qd4 Qg6 26. Qc3 Qh5 27. Bg1 Rf6 28. Qe3 Rf8 29. a4 Bb4 30. Rc1 Re8 31. Qd4 Bd6 32. Rf1 Rd8 33. b4 Be7 34. Qxd8+ 1-0